Every Song by Avril Lavigne - Statistics

General Stats
  • This quiz has been taken 220 times
    47 since last reset
  • The average score is 31 of 107
Answer Stats
Album Song % Correct
The Best Damn Thing(2007) Girlfriend
75%
Let Go(2002) Complicated
70%
Head Above Water(2019) Head Above Water
70%
Let Go(2002) Sk8er Boi
65%
Goodbye Lullaby(2011) What the Hell
65%
Let Go(2002) I'm With You
60%
The Best Damn Thing(2007) The Best Damn Thing
60%
Avril Lavigne(2013) Here's to Never Growing Up
55%
Let Go(2002) Losing Grip
55%
Under My Skin(2004) My Happy Ending
55%
Avril Lavigne(2013) Hello Kitty
50%
Let Go(2002) Mobile
50%
Let Go(2002) Naked
50%
Goodbye Lullaby(2011) Smile
50%
Love Sux(2022) Bite Me
45%
Goodbye Lullaby(2011) Goodbye
45%
The Best Damn Thing(2007) Hot
45%
The Best Damn Thing(2007) Keep Holding On
45%
Love Sux(2022) Love Sux
45%
Avril Lavigne(2013) Rock n' Roll
45%
Let Go(2002) Tomorrow
45%
Love Sux(2022) Bois Lie
40%
Goodbye Lullaby(2011) I Love You
40%
Let Go(2002) Nobody's Fool
40%
Under My Skin(2004) Nobody's Home
40%
The Best Damn Thing(2007) Runaway
40%
Let Go(2002) Unwanted
40%
Goodbye Lullaby(2011) Alice
35%
Let Go(2002) Anything but Ordinary
35%
Under My Skin(2004) Don't Tell Me
35%
Head Above Water(2019) Dumb Blonde
35%
The Best Damn Thing(2007) Everything Back but You
35%
Under My Skin(2004) Freak Out
35%
Under My Skin(2004) He Wasn't
35%
The Best Damn Thing(2007) I Can Do Better
35%
The Best Damn Thing(2007) Innocence
35%
B-Sides(2001) Let Go
35%
Avril Lavigne(2013) Let Me Go
35%
The Best Damn Thing(2007) One of Those Girls
35%
Let Go(2002) Things I'll Never Say
35%
Under My Skin(2004) Together
35%
Goodbye Lullaby(2011) Wish You Were Here
35%
Non-Album(2025) Young & Dumb
35%
Avril Lavigne(2013) 17
30%
Love Sux(2022) Avalanche
30%
Avril Lavigne(2013) Bad Girl
30%
Avril Lavigne(2013) Bitchin' Summer
30%
The Best Damn Thing(2007) Contagious
30%
Under My Skin(2004) Fall to Pieces
30%
Under My Skin(2004) Forgotten
30%
Under My Skin(2004) How Does It Feel
30%
Love Sux(2022) Love It When You Hate Me
30%
B-Sides(2001) Make-Up
30%
Let Go(2002) My World
30%
Avril Lavigne(2013) Sippin' on Sunshine
30%
Under My Skin(2004) Take Me Away
30%
The Best Damn Thing(2007) When You're Gone
30%
Under My Skin(2004) Who Knows
30%
Goodbye Lullaby(2011) Black Star
25%
Love Sux(2022) Cannonball
25%
Goodbye Lullaby(2011) Darlin'
25%
B-Sides(2001) Falling Down
25%
Avril Lavigne(2013) Hush Hush
25%
Under My Skin(Bonus)(2004) I Always Get What I Want
25%
B-Sides(2001) I Don't Give
25%
The Best Damn Thing(2007) I Don't Have to Try
25%
Head Above Water(2019) I Fell in Love with the Devil
25%
Love Sux(2022) Kiss Me Like the World is Ending
25%
Goodbye Lullaby(2011) Push
25%
Under My Skin(2004) Slipped Away
25%
Let Go(2002) Too Much to Ask
25%
Head Above Water(2019) Warrior
25%
Goodbye Lullaby(2011) 4 Real
20%
The Best Damn Thing(Bonus)(2007) Alone
20%
Avril Lavigne(2013) Falling Fast
20%
Love Sux(2022) F.U.
20%
Head Above Water(2019) Goddess
20%
Avril Lavigne(2013) Hello Heartache
20%
The Best Damn Thing(Bonus)(2007) I Will Be
20%
Goodbye Lullaby(2011) Stop Standing There
20%
Head Above Water(2019) Tell Me It's Over
20%
Love Sux(2022) All I Wanted
15%
Head Above Water(2019) Birdie
15%
Goodbye Lullaby(2011) Everybody Hurts
15%
Let Go(Bonus)(2002) Get Over It
15%
Avril Lavigne(2013) Give You What You Like
15%
Goodbye Lullaby(2011) Not Enough
15%
Goodbye Lullaby(2011) Remember When
15%
Let Go(Bonus)(2002) Why
15%
Avril Lavigne(2013) You Ain't Seen Nothin' Yet
15%
Head Above Water(2019) Bigger Wow
10%
Head Above Water(2019) Crush
10%
Love Sux(2022) Dare to Love Me
10%
B-Sides(2001) Headset
10%
Head Above Water(2019) It Was in Me
10%
Head Above Water(2019) Souvenir
10%
Love Sux(2022) Break of a Heartache
5%
Love Sux(2022) Déjà Vu
5%
Head Above Water(2019) Love Me Insane
5%
B-Sides(2001) Tomorrow You Didn't
5%
B-Sides(2001) You Never Satisfy Me
5%
B-Sides(2001) All You Will Never Know
0%
B-Sides(2001) Falling Into History
0%
B-Sides(2001) Move Your Little Self On
0%
B-Sides(2001) Not the Only One
0%
B-Sides(2001) Once and for Real
0%
B-Sides(2001) Stay (Be the One)
0%
No matching quizzes found
Score Distribution
Percent of People with Each Score
Percentile by Number Answered
Your Score History
You have not taken this quiz since the last reset